000 00287nam a2200097Ia 4500
008 220204s9999 xx 000 0 und d
082 _a351.773
_bIND.1
245 0 _aReport of the health survey and planning committee 1959-61. V 1.
260 _aDelhi
_bMinistry of Health
_c1961
942 _cBK
999 _c19535
_d19535